00355nam a2200121Ia 4500008004000000020001800040082001800058100002100076245003300097260008200130300000700212650001400219210210b1997 xxu||||| |||| 00| 0 eng d a81 230 0298 X a915.4166 LALM aLALNITHANGA (P). aMizoram states of our union. aNew Delhi.bPublication Division Ministry of Information & Broadcastingc1997 a71 aMizoram